000 00360nam a2200157Ia 4500
008 151213s9999 xx 000 0 und d
100 _aSalman Rushdie
245 _aChildren
_cSalman Rushdie
250 _a1st
260 _aLondon
_bVintage
_c2006
300 _a4224 p.
650 _aEnglish
650 _aFiction
700 _aSalman Rushdie
999 _c2648
_d2648